000 00729nam a2200181Ia 4500
008 100917s9999 xx 000 0 und d
082 _b48695
100 _aश्रोत्रयि वि. कृ.
245 _aमहाभारत काही कथा काही व्यथा भा. 1 ला.
260 _bश्रोत्रयि प्रकाशन
_c1979
300 _a125
365 _b9
520 _aबालविभाग
630 _aमहाभारत काही कथा काही व्यथा भा. 1 ला.
650 _aबालविभाग
730 _aमहाभारत काही कथा काही व्यथा भा. 1 ला.
942 _cBOOK
999 _c654089
_d654086